Самые популярные треки OBLADAET в Spotify - Statistics

General Stats
  • This quiz has been taken 241 times
  • The average score is 9 of 30
Answer Stats
Hint Answer % Correct
2.4m I AM
71%
7.6m FOR MULA
59%
1.9m KENNY
54%
3.7m DAVID BECKHAM
48%
1.5m NHL MONEY
40%
477k HELLA PLAYERS
38%
1.5m WOK
38%
1.1m WRONG
37%
2.8m 666 PRADA
36%
456k 00:00
35%
2.2m BLIND ZONE
35%
750k CHAINS
34%
933k DEF JOINT 2
33%
2.6m DEF JOINT FREESTYLE 1
33%
2.3m SHINOBI
29%
444k ПОДАРОК
27%
2.4m RANDOM
25%
752k 1 000 000
24%
619k BANE
22%
1.1m HOOKAH
22%
453k TAXI
22%
733k BILLY JEAN
21%
682k ДОЛЖЕН
20%
580k Wi-Fi
20%
951k FRIENDS & FAMILY
19%
498k JETPACK/NO CAP
18%
439k FILES
17%
541k POSLEVKUSIE
17%
454k BENZ
13%
3.9m LOCO SMOCO FREESTYLE
12%
No matching quizzes found
Score Distribution
Percent of People with Each Score
Percentile by Number Answered
Your Score History
You have not taken this quiz